000 nam a22 7a 4500
999 _c126734
_d126734
008 170822b xxu||||| |||| 00| 0 eng d
050 _aPE1408.K4735 2004
100 _aKelly, William J.
_935028
245 _aDiscovery
_bAn introduction to writing
_c/ Willoiam J. Kelly
250 _a3rd. ed.
260 _aNew York
_bPearson Education
_c2004
300 _axxii, 537p. ;
_c28cm.
650 _aEnglish language
_xRhetoric
_915935
650 _aEnglish language
_xGrammar
_xProblems, exercises
_935029
650 _aCollege readers
_915937
650 _aReport writing
_915938
700 _aLawton, Deborah L.
_935030
942 _2lcc
_cMONOGRAPH